AYURVEDIYA RASA SHASTRA: SARAL ADHYAYAN (Record no. 8678)
[ view plain ]
| 000 -LEADER | |
|---|---|
| fixed length control field | 00322nam a22001337a 4500 |
| 003 - CONTROL NUMBER IDENTIFIER | |
| control field | SGT |
| 082 ## - DEWEY DECIMAL CLASSIFICATION NUMBER | |
| Classification number | 615.53 |
| Item number | G14A |
| 100 ## - MAIN ENTRY--PERSONAL NAME | |
| Personal name | GAUTAM, DEVNATH SINGH |
| 245 ## - TITLE STATEMENT | |
| Title | AYURVEDIYA RASA SHASTRA: SARAL ADHYAYAN |
| 260 ## - PUBLICATION, DISTRIBUTION, ETC. (IMPRINT) | |
| Place of publication, distribution, etc | VARANASI |
| Name of publisher, distributor, etc | CHAUKHAMBHA PUB |
| Year of Publication | 2014 |
| 300 ## - PAGE DESCRIPTION | |
| No. of Pages | 252 |
| 650 ## - SUBJECT ADDED ENTRY--TOPICAL TERM | |
| Topical term or geographic name as entry element | AYURVEDA RASA SHASTRA |
| 942 ## - ADDED ENTRY ELEMENTS (KOHA) | |
| Source of classification or shelving scheme | Dewey Decimal Classification |
| Koha item type | Books |
| Withdrawn status | Lost status | Source of classification or shelving scheme | Damaged status | Not for loan | Collection code | Home library | Current library | Shelving location | Date acquired | Vendor Name | Cost, normal purchase price | SGTU | Bill Number | Total Checkouts | Full call number | Accession No. (Barcode) | Date last seen | Bill Date | Koha item type | Date last borrowed | Use restrictions |
|---|---|---|---|---|---|---|---|---|---|---|---|---|---|---|---|---|---|---|---|---|---|
| Dewey Decimal Classification | AYURVEDA | SGT FA-FP Library | SGT FA-FP Library | Text Book | 30/03/2016 | CHAUKHAMBHA | 150.00 | SGTU | 1079 | 615.53 G14A | FA4738 | 30/03/2016 | 10/02/2016 | Books | |||||||
| Lost and Paid For | Dewey Decimal Classification | AYURVEDA | SGT FA-FP Library | SGT FA-FP Library | Text Book | 30/03/2016 | CHAUKHAMBHA | 150.00 | SGTU | 1079 | 8 | 615.53 G14A | FA4739 | 20/09/2017 | 10/02/2016 | Books | 04/09/2017 | ||||
| Dewey Decimal Classification | AYURVEDA | SGT FA-FP Library | SGT FA-FP Library | Reference Book | 30/03/2016 | CHAUKHAMBHA | 150.00 | SGTU | 1079 | 615.53 G14A | FA4740 | 30/03/2016 | 10/02/2016 | Books | Restricted Access | ||||||
| Dewey Decimal Classification | AYURVEDA | SGT FA-FP Library | SGT FA-FP Library | Text Book | 30/03/2016 | CHAUKHAMBHA | 150.00 | SGTU | 1079 | 3 | 615.53 G14A | FA4741 | 02/06/2017 | 10/02/2016 | Books | 31/05/2017 | |||||
| Dewey Decimal Classification | AYURVEDA | SGT FA-FP Library | SGT FA-FP Library | Text Book | 30/03/2016 | CHAUKHAMBHA | 150.00 | SGTU | 1079 | 615.53 G14A | FA4742 | 30/03/2016 | 10/02/2016 | Books |